Robbins basic pathology (Record no. 89273)
[ view plain ]
| 000 -LEADER | |
|---|---|
| fixed length control field | 00848nam a22002537a 4500 |
| 005 - DATE AND TIME OF LATEST TRANSACTION | |
| control field | 20180209152421.0 |
| 010 ## - LCCN (DPL NO) | |
| LC control number | B-593653 |
| 020 ## - INTERNATIONAL STANDARD BOOK NUMBER | |
| International Standard Book Number | 9788131233993 |
| Terms of availability | 1545.00 |
| 037 ## - SOURCE OF ACQUISITION | |
| Stock number | RP/Patel Nagar |
| Source of stock number/acquisition | Pansy |
| 082 00 - DEWEY DECIMAL CLASSIFICATION NUMBER | |
| Classification number | 616.07 |
| 100 ## - MAIN ENTRY--PERSONAL NAME | |
| Personal name | Robbins, Stanley L. |
| 245 00 - TITLE STATEMENT | |
| Title | Robbins basic pathology |
| Statement of responsibility, etc | edited by Vinay Kumar, Abul K. Abbas, and Jon C. Aster. |
| 246 1# - VARYING FORM OF TITLE | |
| Title proper/short title | Basic pathology |
| 250 ## - EDITION STATEMENT | |
| Edition statement | 9th ed. |
| 260 ## - PUBLICATION, DISTRIBUTION, ETC. (IMPRINT) | |
| Place of publication, distribution, etc | New Delhi |
| Name of publisher, distributor, etc | Elsevier |
| Date of publication, distribution, etc | 2013. |
| 300 ## - PHYSICAL DESCRIPTION | |
| Extent | 910p. |
| Other physical details | col. ill. |
| Dimensions | 28cm. (Hb) |
| 504 ## - BIBLIOGRAPHY, ETC. NOTE | |
| Bibliography, etc | Includes bibliographical references and index. |
| 650 12 - SUBJECT ADDED ENTRY--TOPICAL TERM | |
| Topical term or geographic name as entry element | Pathology. |
| 700 1# - ADDED ENTRY--PERSONAL NAME | |
| Personal name | Vinay Kumar |
| Dates associated with a name | 1944- |
| 700 1# - ADDED ENTRY--PERSONAL NAME | |
| Personal name | Abbas, Abul K. |
| 700 1# - ADDED ENTRY--PERSONAL NAME | |
| Personal name | Aster, Jon C. |
| 942 ## - ADDED ENTRY ELEMENTS (KOHA) | |
| Source of classification or shelving scheme | Dewey Decimal Classification |
| Item type | English Books |
| Classification part | 616.07 |
| Call number suffix | ROB |
| Withdrawn status | Lost status | Not for loan | Collection code | Home library | Current library | Date acquired | Source of acquisition | Cost, normal purchase price | Full call number | Barcode | Copy number | Cost, replacement price | Koha item type | Public note |
|---|---|---|---|---|---|---|---|---|---|---|---|---|---|---|
| Non-fiction | Patel Nagar | Patel Nagar | 14/10/2014 | Pansy/1504/02.03.2015/11.03.2015 | 1545.00 | 616.07 ROB | B-593953 | 1 | 1545.00 | English Books | RP/Patel Nagar |
